|
|
|
|
| LEADER |
01326ppm a22002658a 4500 |
| 001 |
00045273 |
| 005 |
20191219171210.0 |
| 008 |
170228s2013 ||||||Viesd |
| 041 |
0 |
# |
|a Vie
|
| 082 |
1 |
4 |
|a 294.309 597 91
|b CH527B
|
| 100 |
1 |
# |
|a Lê, Nguyên Hồng
|
| 245 |
0 |
0 |
|c Lê Nguyên Hồng; Nguyễn Thành Phương (hướng dẫn)
|b Luận văn thạc sĩ Lịch sử. Chuyên ngành: Lịch sử Việt Nam. Mã số: 8.22.90.13
|a Chuyển biến kinh tế, xã hội của cộng đồng Tín đồ Phật giáo Hòa Hảo tại huyện Chợ Mới tỉnh An Giang (1975 - 2016)
|
| 260 |
# |
# |
|a Đồng Tháp
|b Đại học Đồng Tháp
|c 2019
|
| 300 |
# |
# |
|a 141 tr. + phụ lục
|c 30 cm.
|e 1 bản tóm tắt + 1 CD
|
| 500 |
# |
# |
|a ĐTTS ghi: Bộ giáo dục và đào tạo. Trường Đại học Đồng Tháp
|
| 653 |
# |
# |
|a An Giang
|
| 653 |
# |
# |
|a Phật giáo Hòa Hảo
|
| 653 |
# |
# |
|a Lịch sử phát triển
|
| 653 |
# |
# |
|a Chuyển biến
|
| 653 |
# |
# |
|a Kinh tế xã hội
|
| 653 |
# |
# |
|a Luận văn
|
| 700 |
1 |
# |
|a Nguyễn, Thành Phương
|e Hướng dẫn
|
| 852 |
# |
# |
|j LV.0002645
|j LV.0002644
|
| 910 |
# |
# |
|d 19/12/2019
|
| 980 |
# |
# |
|a Trung tâm Học liệu Lê Vũ Hùng, Trường Đại học Đồng Tháp
|